| 000 | 00759nam a2200253 a 4500 | ||
|---|---|---|---|
| 005 | 20210219153150.0 | ||
| 008 | 991125n 000 0 u | ||
| 035 | _aUPN01000081363 | ||
| 100 | _aCochener, David | ||
| 222 | 0 | _aSCHOOL SCIENCE AND MATHEMATICS | |
| 245 | 0 | _aHow many miles per hour is that fan going? an experiment to implement problem solving in grades 5-8 | |
| 300 | _a158-159 | ||
| 362 | _a93, No. 3, 1993 | ||
| 505 | _aSeptiembre 1993 | ||
| 653 | 0 | _aAPLICACION DE LAS MATEMATICAS | |
| 653 | 0 | _aENSE\197ANZA MATEMATICA | |
| 653 | 0 | _aHEURISTICA | |
| 653 | 0 | _aINVESTIGACIONES | |
| 653 | 0 | _aMETODOS DE ENSEĆANZA | |
| 653 | 0 | _aRESOLUCION DE PROBLEMAS | |
| 700 | _aCochener, Debbie | ||
| 904 |
_aAC _b019174 |
||
| 905 | _aArticulo | ||
| 999 |
_c69933 _d69933 |
||